[Event "WchT ICSC Silent 19th"]
[Site "Chiavenna"]
[Date "2019.12.15"]
[Round "3.3"]
[White "Miozga, Tomasz"]
[Black "Koessler, Wolfgang"]
[Result "1/2-1/2"]
[WhiteElo "2011"]
[BlackElo "1729"]
[PlyCount "90"]
[EventDate "2019.12.14"]
[EventType "team-tourn"]
[EventRounds "9"]
[EventCountry "ITA"]
[SourceTitle "CBM 193 Extra"]
[Source "ChessBase"]
[SourceDate "2020.01.31"]
[SourceVersion "1"]
[SourceVersionDate "2020.01.31"]
[SourceQuality "1"]
[WhiteTeam "Poland"]
[BlackTeam "Germany"]
[WhiteTeamCountry "POL"]
[BlackTeamCountry "GER"]

1. c4 c5 2. Nc3 Nc6 3. Nf3 g6 4. g3 Bg7 5. Bg2 e5 6. d3 d6 7. 0-0 Nge7 8. Bd2 0-0 9. Qc1 Bd7 10. Bh6 Qc8 11. Re1 Bh3 12. Bh1 f6 13. Bxg7 Kxg7 14. e3 Qd7 15. Qd2 Rad8 16. d4 cxd4 17. exd4 Nf5 18. dxe5 dxe5 19. Qxd7+ Rxd7 20. Nd5 Nfd4 21. Rad1 Bg4 22. Rd3 Nxf3+ 23. Bxf3 Bxf3 24. Rxf3 f5 25. Kg2 e4 26. Ra3 Ne5 27. Rxa7 Nxc4 28. Nf4 Rff7 29. b3 Ne5 30. Ra5 Nc6 31. Rc5 Rd2 32. Re2 Rfd7 33. Rc2 R2d6 34. Re3 Nb4 35. Rb2 Kf6 36. a3 Nc6 37. f3 Rd2+ 38. Rxd2 Rxd2+ 39. Re2 exf3+ 40. Kxf3 Nd4+ 41. Ke3 Rxe2+ 42. Nxe2 Nxb3 43. Kd3 Ke5 44. Kc4 Nd2+ 45. Kb5 Kd5 1/2-1/2

[Event "Marianske Lazne op 17th"]
[Site "Marianske Lazne"]
[Date "2018.01.26"]
[Round "8"]
[White "Miozga, Tomasz"]
[Black "Lau, Ende Matthew"]
[Result "1/2-1/2"]
[WhiteElo "2010"]
[BlackElo "1977"]
[PlyCount "84"]
[EventDate "2018.01.20"]
[EventType "swiss"]
[EventRounds "9"]
[EventCountry "CZE"]
[SourceTitle "CBM 182 Extra"]
[Source "ChessBase"]
[SourceDate "2018.02.23"]
[SourceVersion "1"]
[SourceVersionDate "2018.02.23"]
[SourceQuality "1"]

1. d4 Nf6 2. c4 g6 3. Nc3 Bg7 4. e4 d6 5. f3 0-0 6. Be3 e5 7. Nge2 c6 8. Qd2 Nbd7 9. d5 cxd5 10. Nxd5 Nxd5 11. cxd5 f5 12. Nc3 a6 13. Be2 Rf7 14. 0-0-0 b5 15. Kb1 Nf6 16. Bd3 Rb8 17. h3 f4 18. Bf2 Nd7 19. Rhe1 Bf6 20. Ne2 Bh4 21. Bxh4 Qxh4 22. Nc1 b4 23. Bf1 Nc5 24. Nd3 Nxd3 25. Bxd3 Ra7 26. Rc1 Bd7 27. Rc4 a5 28. Rec1 Rbb7 29. Rc6 Qe7 30. Ra6 Rxa6 31. Bxa6 Ra7 32. Qd3 Qd8 33. Bb5 Qb6 34. Bxd7 Rxd7 35. Qc4 Kg7 36. Qc6 Qa7 37. b3 Kh6 38. Qc2 Qe3 39. Qc8 Qd3+ 40. Rc2 Qd1+ 41. Rc1 Qd3+ 42. Rc2 Qd1+ 1/2-1/2

[Event "W-ch Disabled"]
[Site "Dresden"]
[Date "2017.10.12"]
[Round "6"]
[White "Miozga, Tomasz"]
[Black "Scerbin, Dmitrij"]
[Result "0-1"]
[WhiteElo "2023"]
[BlackElo "2312"]
[PlyCount "182"]
[EventDate "2017.10.06"]
[EventType "swiss"]
[EventRounds "7"]
[EventCountry "GER"]
[SourceTitle "CBM 181 Extra"]
[Source "ChessBase"]
[SourceDate "2017.12.12"]
[SourceVersion "1"]
[SourceVersionDate "2017.12.12"]
[SourceQuality "1"]

1. d4 c5 2. d5 e5 3. c4 d6 4. e4 Be7 5. Bd3 Bg5 6. Nc3 Bxc1 7. Qxc1 Ne7 8. Nge2 0-0 9. 0-0 Ng6 10. Qe3 Nd7 11. a3 Nf6 12. f3 Nh5 13. g3 Nf6 14. b4 Nd7 15. Rfb1 Qe7 16. Nc1 b6 17. Nb3 h6 18. Nd2 Nf6 19. a4 Bd7 20. a5 Rfb8 21. axb6 axb6 22. Nb5 Rxa1 23. Rxa1 Bxb5 24. cxb5 cxb4 25. Nc4 Qc7 26. Ra4 Nd7 27. Rxb4 Ra8 28. Rb1 Ra2 29. Bf1 Nc5 30. Qc1 Nf8 31. Qe1 Nfd7 32. Ra1 Rxa1 33. Qxa1 Qb8 34. Qa3 g6 35. Bh3 Nf6 36. Qa1 Nh7 37. Bg2 Nf8 38. Bh3 Kg7 39. Qa3 Nh7 40. Bg2 Nf6 41. Qa1 Nfd7 42. Bh3 Nf8 43. Qa3 h5 44. Qe3 Qc7 45. Bf1 Nfd7 46. Qa3 Qb8 47. Qa1 Nb3 48. Qa6 Qc7 49. Kg2 Nd4 50. Bd3 Nc5 51. Qa3 Nxb5 52. Qb4 Nd4 53. Bf1 b5 54. Na3 Na6 55. Qb2 b4 56. Bxa6 Qa5 57. Nc4 Qxa6 58. Qxb4 Qa2+ 59. Nb2 Nc2 60. Qc3 Qb1 61. Nc4 Nd4 62. Qd2 Qb3 63. Ne3 Qa3 64. Qf2 Qc5 65. h4 Qc1 66. Nf1 Qc4 67. Ne3 Qd3 68. Nf1 f5 69. Qe3 fxe4 70. fxe4 Qc2+ 71. Kh1 Qd1 72. Kg2 Qg4 73. Nh2 Qd1 74. Nf1 Qc2+ 75. Kh1 Nb3 76. Qa7+ Kf6 77. Qe3 Nd4 78. Kg1 Qd1 79. Qf2+ Kg7 80. Qe3 Nf3+ 81. Kf2 Nd4 82. Kg1 Qg4 83. Nh2 Qh3 84. Nf1 Qd7 85. Kg2 Qb5 86. Kg1 Qa6 87. Kg2 Qa2+ 88. Kh1 Qb1 89. Kg2 Qd1 90. Kg1 Qc2 91. Nd2 Qxd2 0-1

[Event "W-ch Disabled"]
[Site "Dresden"]
[Date "2017.10.09"]
[Round "4"]
[White "Scheffner, Jarno"]
[Black "Miozga, Tomasz"]
[Result "1/2-1/2"]
[WhiteElo "1801"]
[BlackElo "2023"]
[PlyCount "61"]
[EventDate "2017.10.06"]
[EventType "swiss"]
[EventRounds "7"]
[EventCountry "GER"]
[SourceTitle "CBM 181 Extra"]
[Source "ChessBase"]
[SourceDate "2017.12.12"]
[SourceVersion "1"]
[SourceVersionDate "2017.12.12"]
[SourceQuality "1"]

1. e4 c5 2. Nf3 d6 3. d4 cxd4 4. Nxd4 Nf6 5. Nc3 a6 6. Bg5 e6 7. f4 Be7 8. Qf3 Qc7 9. g4 Nbd7 10. 0-0-0 b5 11. Bxf6 Nxf6 12. g5 Nd7 13. f5 Bxg5+ 14. Kb1 0-0 15. fxe6 Nb6 16. Qg3 Bf6 17. Nd5 Nxd5 18. exd5 fxe6 19. Nxe6 Bxe6 20. dxe6 Be5 21. Qb3 Kh8 22. Bh3 Rf6 23. Rhf1 Raf8 24. Rxf6 Rxf6 25. Qd5 g6 26. Qa8+ Kg7 27. Qg2 Qb6 28. Qa8 Qc7 29. Qg2 Qb6 30. Qa8 Qc7 31. Bf1 1/2-1/2

[Event "W-ch Disabled"]
[Site "Dresden"]
[Date "2015.10.20"]
[Round "3"]
[White "Miozga, Tomasz"]
[Black "Mikheev, Stanislav Valerievi"]
[Result "0-1"]
[WhiteElo "1995"]
[BlackElo "2296"]
[PlyCount "52"]
[EventDate "2015.10.18"]
[EventType "swiss"]
[EventRounds "7"]
[EventCountry "GER"]
[SourceTitle "CBM 168 Extra"]
[Source "ChessBase"]
[SourceDate "2015.10.29"]
[SourceVersion "1"]
[SourceVersionDate "2015.10.29"]
[SourceQuality "1"]

1. c4 Nf6 2. Nc3 e5 3. g3 Bb4 4. Bg2 0-0 5. Nd5 Bc5 6. e3 c6 7. Nxf6+ Qxf6 8. Ne2 d6 9. d4 Bb6 10. dxe5 dxe5 11. Nc3 Bf5 12. 0-0 Rd8 13. Qb3 Na6 14. Na4 Rd3 15. Nc3 Rad8 16. e4 Bc8 17. Nd5 R8xd5 18. cxd5 Rxb3 19. axb3 Nb4 20. h4 Bg4 21. Bg5 Qd6 22. Kh2 Be2 23. Rfc1 Bxf2 24. Rc3 h6 25. Be3 Bxe3 26. Rxe3 Qd8 0-1

[Event "Jastrzebia Gora Fianchetto op"]
[Site "Jastrzebia Gora"]
[Date "2014.??.??"]
[Round "4"]
[White "Miozga, Tomasz"]
[Black "Krasowski, Slawomir"]
[Result "1-0"]
[WhiteElo "1878"]
[BlackElo "2005"]
[PlyCount "111"]
[EventDate "2014.08.31"]
[EventType "swiss"]
[EventRounds "9"]
[EventCountry "POL"]
[SourceTitle "CBM 162 Extra"]
[Source "ChessBase"]
[SourceDate "2014.10.17"]
[SourceVersion "1"]
[SourceVersionDate "2014.10.17"]
[SourceQuality "1"]

1. c4 Nf6 2. Nc3 g6 3. g3 d5 4. cxd5 Nxd5 5. Bg2 c6 6. Nf3 Bg7 7. 0-0 0-0 8. d4 Nd7 9. e4 Nxc3 10. bxc3 Nb6 11. Bf4 Be6 12. Qc2 Bc4 13. Rfd1 Qc8 14. Ne5 Ba6 15. Nd3 Nd7 16. Be3 Re8 17. Bh3 e6 18. a4 b6 19. a5 Bb7 20. axb6 axb6 21. Rxa8 Qxa8 22. Qb2 Qa6 23. Bf1 Qa8 24. Ra1 Qc8 25. Ra7 Qb8 26. Qa2 Bf8 27. Bf4 Qc8 28. Ne5 Nxe5 29. Bxe5 b5 30. Qa5 Re7 31. Bd6 Rd7 32. Bxf8 Qxf8 33. Qb6 Qe7 34. e5 Rc7 35. Bg2 Qd7 36. Qc5 Kg7 37. h4 h5 38. Be4 Kg8 39. Qb6 Kg7 40. Bd3 Kg8 41. Kf1 Kg7 42. Ke2 Qe7 43. Kd2 Qd7 44. Qc5 Bc8 45. Ra8 Qd5 46. Qxd5 exd5 47. Ra5 Bd7 48. Kc2 Kf8 49. Kb3 Ke7 50. Kb4 Kd8 51. Kc5 Ke7 52. Ra6 Rb7 53. Bf1 Rc7 54. Kb6 Rc8 55. Ra7 Kd8 56. Rxd7+ 1-0

[Event "Jastrzebia Gora Fianchetto op"]
[Site "Jastrzebia Gora"]
[Date "2014.??.??"]
[Round "7"]
[White "Miozga, Tomasz"]
[Black "Szczepaniec, Stanislaw"]
[Result "1-0"]
[WhiteElo "1878"]
[BlackElo "1984"]
[PlyCount "93"]
[EventDate "2014.08.31"]
[EventType "swiss"]
[EventRounds "9"]
[EventCountry "POL"]
[SourceTitle "CBM 162 Extra"]
[Source "ChessBase"]
[SourceDate "2014.10.17"]
[SourceVersion "1"]
[SourceVersionDate "2014.10.17"]
[SourceQuality "1"]

1. c4 e5 2. Nc3 Nf6 3. g3 d5 4. cxd5 Nxd5 5. Bg2 Nb6 6. Nf3 Nc6 7. 0-0 Be7 8. d3 0-0 9. Bd2 Be6 10. Rc1 f6 11. a3 Na5 12. Nb5 Bb3 13. Qe1 Nc6 14. Nc3 Nd4 15. Nxd4 exd4 16. Ne4 Na4 17. Bb4 c6 18. Bxe7 Qxe7 19. Qb4 Qxb4 20. axb4 Rfe8 21. Bf3 a5 22. Nd6 Re7 23. b5 Rd8 24. bxc6 bxc6 25. Rxc6 Re5 26. Rfc1 Kf8 27. Nb7 Rb8 28. Rc8+ Rxc8 29. Rxc8+ Kf7 30. Ra8 Nxb2 31. Rxa5 Na4 32. Nd8+ Kg6 33. Be4+ Rxe4 34. dxe4 Nc3 35. f3 Nxe2+ 36. Kf2 d3 37. Ke3 Bc2 38. Ne6 Kf7 39. Nf4 Nxf4 40. gxf4 h6 41. f5 g6 42. Ra7+ Kg8 43. fxg6 h5 44. Rd7 h4 45. Rxd3 Bxd3 46. Kxd3 Kg7 47. Kd4 1-0

[Event "Rowy op 09"]
[Site "Rowy"]
[Date "2012.09.??"]
[Round "8"]
[White "Strojek, Kazimierz"]
[Black "Miozga, Tomasz"]
[Result "0-1"]
[WhiteElo "1737"]
[BlackElo "1863"]
[PlyCount "36"]
[EventDate "2012.09.??"]
[EventType "swiss"]
[EventRounds "9"]
[EventCountry "POL"]
[SourceTitle "EXT 2014"]
[Source "ChessBase"]
[SourceDate "2013.11.20"]
[SourceVersion "1"]
[SourceVersionDate "2013.11.20"]
[SourceQuality "1"]

1. e4 e6 2. Qe2 Nf6 3. c3 d5 4. e5 Nfd7 5. d4 c5 6. Qg4 cxd4 7. cxd4 Nc6 8. a3 Qb6 9. Nf3 a5 10. Nc3 f5 11. Qf4 g5 12. Nxg5 Nxd4 13. Bd3 h6 14. Qh4 Nxe5 15. Bb1 Ng6 16. Qh5 Rg8 17. Nf3 Nb3 18. 0-0 Nxa1 0-1